| 000 | 01348nam a2200361Ia 4500 | ||
|---|---|---|---|
| 001 | dia_3189 | ||
| 003 | CHAP | ||
| 005 | 20240409124323.0 | ||
| 007 | ta | ||
| 008 | 220117s2003 mx o fr 001 0 spa d | ||
| 040 |
_cCHAP _amxchpua |
||
| 090 |
_aT.C.370 _bV55 SAI _c2003 |
||
| 245 | 1 | 0 |
_aProducción de hortalizas : _breporte del viaje realizado al estado de Guanajuato (Municipios de Irapuato y Salamanca) / _ccoordinador Clemente Villanueva Verduzco ; colaboradores Luciana Alanis Pozos...[et al.] |
| 260 |
_aMéxico : _bEl autor, _c2003 |
||
| 300 |
_a17 hojas : _bfotos |
||
| 336 |
_2rdacontent _atexto _btxt |
||
| 337 |
_2rdamedia _asin medio _bn |
||
| 338 |
_2rdacarrier _avolumen _bnc |
||
| 500 | _a6° año Grupo 1 | ||
| 502 |
_aViaje de Estudios _b(SAI) -- _cUACh. Departamento de Ingeniería Agroindustrial, _d2003 |
||
| 650 | 1 | 3 |
_aIndustria agrícola _9154273 _zMéxico _zGuanajuato |
| 650 | 1 | 3 |
_aVegetales _9151360 |
| 650 | 1 | 3 |
_aAgricultural industry _9154272 _zMéxico _zGuanajuato |
| 650 | 1 | 3 |
_aVegetables _9151808 |
| 700 | 1 |
_aVillanueva Verduzco, Clemente _ecoordinador _9119524 |
|
| 700 | 1 |
_aAlanís Pozos, Luciana _9153052 _ecolaboradora |
|
| 901 | _aT.C.370 V55 SAI 2003 | ||
| 902 | _aM | ||
| 905 | _a5232272003 mx d 8223123322spa16 | ||
| 942 | _2local | ||
| 942 | _cVE | ||
| 999 |
_c173687 _d173687 |
||